00656nam a22001457a 4500008004100000040005500041080001400096245015000110260005800260300001000318650001900328942001200347999001700359952013400376230403b |||||||| |||| 00| 0 eng d aNational Science LibrarycNational Science Library a061.6bM9 aresearch & development funding schemes of central government departments and agencies: bGeneral Information c/ Ministry of science & Technology aNew Delhi: b/ Ministry of science & Technologyc1989 a95p.  aAtomic energy  2udccBK c18080d18080 00102udc4060616_M970926857aNSLbNSLcGF/Rk-4/C-23/R-2d1996-11-04l0o061.6 M9p176764r2023-04-03 00:00:00w1996-11-04yBK